000 00331nam a22001577a 4500
003 SGT
020 _a978-93-5359-251-6
082 _a631.587
_bRED
100 _aREDDY, S.R.
245 _aIRRIGATION AGRONOMY
250 _a5TH
260 _aDELHI
_bKALYANI
_c2022
300 _a550
650 _aAGRONOMY
942 _2ddc
_cBK
_01
999 _c25679
_d25679